000 00285nam a2200133Ia 4500
100 _aKumar/S.J
942 _cBK
654 _anumerical
245 _aAdoption of numerical controls in machine toolsl
260 _bnone
082 _a621.902
_bKUM
300 _a44
546 _aENGLISH
999 _c24816
_d24816